Spon's Asia Pacific construction cost handbook (Record no. 115693)

MARC details
000 -LEADER
fixed length control field 01396cab a22002535a 4500
001 - CONTROL NUMBER
control field L159133
008 - FIXED-LENGTH DATA ELEMENTS--GENERAL INFORMATION
fixed length control field 100430e2015 xxk 001 0 eng d
020 ## - INTERNATIONAL STANDARD BOOK NUMBER
International Standard Book Number 9781482243581
035 ## - SYSTEM CONTROL NUMBER
System control number (Sirsi) u159133
041 0# - LANGUAGE CODE
Language code of text/sound track or separate title eng
050 ## - LIBRARY OF CONGRESS CALL NUMBER
Classification number 692.5095 $2 18
245 00 - TITLE STATEMENT
Title Spon's Asia Pacific construction cost handbook
250 ## - EDITION STATEMENT
Edition statement 5th ed.
260 ## - PUBLICATION, DISTRIBUTION, ETC.
Place of publication, distribution, etc. Oxon
Name of publisher, distributor, etc. CRC Press
-- Taylor and Francis
Date of publication, distribution, etc. 2015
350 ## - PRICE (NR) (BK AM CF MU VM SE) [OBSOLETE]
Price 160
505 ## - FORMATTED CONTENTS NOTE
Formatted contents note Regional overview: The construction industry in the Asia Pacific region -- Individual countries: Introductory notes to country sections -- Brunei Darussalam -- Cambodia -- China -- Hong Kong -- India -- Indonesia -- Japan -- Malaysia -- Myanmar -- Philippines -- Singapore -- South Korea -- Sri Lanka -- Taiwan -- Thailand -- Vietnam -- Amplified descriptions of construction items -- Comparative data: Introductory notes -- Key national indicators -- Construction output indicators -- Construction cost data
520 ## - SUMMARY, ETC.
Summary, etc. Provides a regional overview of the construction industry in the Asia-Pacific region as well as broad and macroeconomic data on key national indicators, construction output indicators, and general construction cost data.
520 ## - SUMMARY, ETC.
Summary, etc. Supersedes 4th edition (ISBN 9780415465656).
651 #4 - SUBJECT ADDED ENTRY--GEOGRAPHIC NAME
Geographic name Asia
690 ## - LOCAL SUBJECT ADDED ENTRY--TOPICAL TERM (OCLC, RLIN)
Topical term or geographic name as entry element BUILT ENVIRONMENT-BUILDING COSTS
710 1# - ADDED ENTRY--CORPORATE NAME
Corporate name or jurisdiction name as entry element Davis Langdon and Seah International
9 (RLIN) 1665
942 ## - ADDED ENTRY ELEMENTS (KOHA)
Suppress in OPAC 0
Holdings
Withdrawn status Lost status Source of classification or shelving scheme Damaged status Not for loan Home library Current library Shelving location Date acquired Total Checkouts Full call number Barcode Date last seen Copy number Price effective from Koha item type
    Dewey Decimal Classification     London London Books 05/02/2016   692.5095 SPO 30078840 06/08/2019 1 06/08/2019 Book